Seven Red Sundays / (Record no. 186753)
[ view plain ]
| 000 -LEADER | |
|---|---|
| fixed length control field | 00736 a2200169 4500 |
| 003 - CONTROL NUMBER IDENTIFIER | |
| control field | NUST |
| 005 - DATE AND TIME OF LATEST TRANSACTION | |
| control field | 20230125152453.0 |
| 040 ## - CATALOGING SOURCE | |
| Transcribing agency | Nust |
| 082 ## - DEWEY DECIMAL CLASSIFICATION NUMBER | |
| Classification number | 823,SEN |
| 100 ## - MAIN ENTRY--PERSONAL NAME | |
| Personal name | Sender, Ramon J |
| 9 (RLIN) | 24102 |
| 245 ## - TITLE STATEMENT | |
| Title | Seven Red Sundays / |
| Statement of responsibility, etc. | Ramon J Sender |
| 260 ## - PUBLICATION, DISTRIBUTION, ETC. | |
| Place of publication, distribution, etc. | London |
| Name of publisher, distributor, etc. | Faber & Faber ltd |
| 300 ## - PHYSICAL DESCRIPTION | |
| Extent | 438:p.; |
| 505 ## - FORMATTED CONTENTS NOTE | |
| Formatted contents note | Translator Introductory Notes (Page-9),First Sunday: A Spark Light The Tinder (Page-29), Second Sunday: The Insurrection Proceeds(Page-97),Third Sunday: Repercussions (Page-175),Fourth Sunday: Hopes And Failure(Page-257),Fifth Sunday: Collapse (Page-335),Sixth Sunday: After Match Of Dejection (Page-395), Seventh Sunday: Only In The Future (Page-419). |
| 650 ## - SUBJECT ADDED ENTRY--TOPICAL TERM | |
| Topical term or geographic name entry element | Novel |
| 9 (RLIN) | 2525 |
| 942 ## - ADDED ENTRY ELEMENTS (KOHA) | |
| Source of classification or shelving scheme | |
| Koha item type | Book |
| Call number prefix | 823,SEN |
| Withdrawn status | Lost status | Source of classification or shelving scheme | Damaged status | Not for loan | Permanent Location | Current Location | Shelving location | Date acquired | Full call number | Barcode | Date last seen | Price effective from | Koha item type | Public note |
|---|---|---|---|---|---|---|---|---|---|---|---|---|---|---|
| Military College of Signals (MCS) | Military College of Signals (MCS) | General Stacks | 12/12/2016 | 823,SEN | MCS29862 | 12/08/2016 | 12/12/2016 | Book | Almirah No.57, Shelf No.6 |
